Catálogo

EL ARTE DE EDUCAR A LOS NIÑOS DE HOY (Registro nro. 21923)

Detalles MARC
000 -LEADER
fixed length control field 00517nam a2200193 a 4500
001 - CONTROL NUMBER
control field 21923
005 - DATE AND TIME OF LATEST TRANSACTION
control field 20180713215742.0
008 - FIXED-LENGTH DATA ELEMENTS--GENERAL INFORMATION
fixed length control field 140415s1979 sp 000 0 spa d
041 ## - LANGUAGE CODE
Language code of text/sound track or separate title spa
082 ## - DEWEY DECIMAL CLASSIFICATION NUMBER
Classification number 372
Item number COU
100 1# - MAIN ENTRY--PERSONAL NAME
Personal name COURBIS, GASTON
245 13 - TITLE STATEMENT
Title EL ARTE DE EDUCAR A LOS NIÑOS DE HOY
250 ## - EDITION STATEMENT
Edition statement 10a ed.
260 ## - PUBLICATION, DISTRIBUTION, ETC.
Place of publication, distribution, etc. ESPAÑA :
Name of publisher, distributor, etc. SOCIEDAD DE EDUCACION ATENAS,
Date of publication, distribution, etc. 1979
300 ## - PHYSICAL DESCRIPTION
Extent 191
490 ## - SERIES STATEMENT
Series statement TEMAS VIVOS
Volume/sequential designation 13
650 14 - SUBJECT ADDED ENTRY--TOPICAL TERM
Topical term or geographic name entry element EDUCACION DE NIOS
700 1# - ADDED ENTRY--PERSONAL NAME
Personal name SANTOS, SOCORRO
Relator term tr.
Existencias
Withdrawn status Lost status Source of classification or shelving scheme Damaged status Not for loan Collection code Home library Current library Shelving location Date acquired Source of acquisition Inventory number Total Checkouts Full call number Barcode Date last seen Date last checked out Price effective from Koha item type
    Dewey Decimal Classification     General Biblioteca Karol Wojtyla Biblioteca Karol Wojtyla Sala general 03/12/2013 Compra 151000000000000000041196 2 372 COU 42346 05/01/2026 23/03/2019 03/12/2013 Libro